000 00811nam a2200265 a 4500
001 71428
003 BD-RjUL
005 20211209082118.0
008 170503s1954 enka 001 0 eng d
035 _a(BD-RjUL)71644
040 _aWPG
_cWPG
_dOCL
_dBD-RjUL
_beng
041 _aeng
082 _a512.943
_223
_bAID 1954
100 1 _aAitken, A. C.
_q(Alexander Craig),
_d1895-1967
_9151174
245 1 0 _aDeterminants and matrices /
_c A. C. Aitken.
250 _a8th ed.
260 _aEdinburgh, Oliver and Boyd ;
_aNew York :
_bInterscience,
_c1954.
300 _a144 p. :
_bill. ;
_c19 cm.
490 1 _aUniversity mathematical texts
500 _aIncludes Indexes
650 0 _aDeterminants.
_9211341
650 0 _aMatrices.
_9211342
830 0 _aUniversity mathematical texts
_9150921
942 _2ddc
_cBK
999 _c71428
_d71428